[Event "Caissa CC Online"]
[Site "Chess.com INT"]
[Date "2022.01.22"]
[Round "6"]
[White "Aragon Trujillo, Ricardo M"]
[Black "Zaragatski, Ilja"]
[Result "0-1"]
[WhiteElo "1965"]
[BlackElo "2509"]
[PlyCount "58"]
[EventDate "2022.01.22"]
[EventType "swiss (rapid)"]
[EventRounds "7"]
[EventCountry "GUA"]
[SourceTitle "CBM 206 Extra"]
[Source "ChessBase"]
[SourceDate "2022.03.31"]
[SourceVersion "1"]
[SourceVersionDate "2022.03.31"]
[SourceQuality "1"]

1. e4 d5 2. exd5 Qxd5 3. Nc3 Qd8 4. d4 Nf6 5. g3 Bf5 6. Bg2 c6 7. Nge2 e6 8. 0-0 Bd6 9. a3 0-0 10. Bg5 Be7 11. Qd2 h6 12. Bf4 Nbd7 13. Rfd1 Nb6 14. b3 Nbd5 15. Nxd5 cxd5 16. c4 Be4 17. cxd5 Bxg2 18. Kxg2 Qxd5+ 19. Kg1 Qxb3 20. Rab1 Qf3 21. Qd3 Qxd3 22. Rxd3 b6 23. a4 Rfc8 24. a5 bxa5 25. Ra1 Rc2 26. Nc1 Nd5 27. Be3 a4 28. Kf1 Rac8 29. Ke1 Nxe3 0-1

[Event "Online Olym Div2 D"]
[Site "Chess.com INT"]
[Date "2020.08.14"]
[Round "3.5"]
[White "Olsen, Filip Boe"]
[Black "Aragon Trujillo, Ricardo M"]
[Result "1-0"]
[WhiteElo "2332"]
[BlackElo "1812"]
[PlyCount "51"]
[EventDate "2020.08.14"]
[EventType "team-tourn (rapid)"]
[EventRounds "9"]
[EventCountry "USA"]
[SourceTitle "CBM 198"]
[Source "ChessBase"]
[SourceDate "2020.10.31"]
[SourceVersion "1"]
[SourceVersionDate "2020.10.31"]
[SourceQuality "1"]
[WhiteTeam "Denmark"]
[BlackTeam "Guatemala"]
[WhiteTeamCountry "DEN"]
[BlackTeamCountry "GUA"]

1. d4 Nf6 2. c4 g6 3. Nc3 d5 4. Bf4 Bg7 5. e3 0-0 6. Rc1 c6 7. Bd3 Re8 8. Nf3 e6 9. h3 Nbd7 10. 0-0 h6 11. cxd5 exd5 12. b4 Ne4 13. Qb3 Ndf6 14. b5 Bd7 15. Na4 cxb5 16. Bxb5 Bxb5 17. Qxb5 b6 18. Rc6 Qd7 19. Ne5 Qb7 20. Rfc1 Rac8 21. Nd3 Rxc6 22. Qxc6 Qa6 23. Nab2 Qxa2 24. Be5 Re6 25. Qb7 Qa4 26. Nxa4 1-0

[Event "Pan American-ch U12"]
[Site "Santiago de Chile"]
[Date "2018.07.24"]
[Round "4"]
[White "Zong, Davis Jr"]
[Black "Aragon Trujillo, Ricardo M"]
[Result "1-0"]
[WhiteElo "2075"]
[BlackElo "1441"]
[PlyCount "41"]
[EventDate "2018.07.22"]
[EventType "swiss"]
[EventRounds "9"]
[EventCountry "CHI"]
[SourceTitle "EXT 2022"]
[Source "ChessBase"]
[SourceDate "2021.10.06"]
[SourceVersion "1"]
[SourceVersionDate "2021.10.06"]
[SourceQuality "1"]

1. e4 g6 2. d4 Bg7 3. Nc3 d6 4. Be3 b6 5. Qd2 Bb7 6. 0-0-0 Nd7 7. h4 h5 8. Nh3 c5 9. Ng5 Ngf6 10. e5 cxd4 11. e6 Nf8 12. Bb5+ N8d7 13. exf7+ Kf8 14. Ne6+ Kxf7 15. Nxd8+ Raxd8 16. Bxd4 e5 17. Be3 d5 18. Bg5 d4 19. Bc4+ Kf8 20. Rhe1 dxc3 21. Qd6+ 1-0